000 00475nam a2200181Ia 4500
005 20250508154110.0
008 008 250505s9999 xx 000 0 eng d
037 _aTextual
040 _aFEDL
_beng
_cFEDL
041 _aeng
_2eng
084 _a200, VOG
_qFEDL
100 _aVoga Von Ogden
_9765050
245 0 _aArt and religion
260 _aBoston, USA
_bBeacon Press
_c1921
300 _axv,269p
942 _cTEXL
_h200, VOG
999 _c1347617
_d1347617